书目信息 |
| 题名: |
时光走了 你还在
|
|
| 作者: | 暖小昕 编译 | |
| 分册: | ||
| 出版信息: | 北京 北京联合出版公司 2015.05 |
|
| 页数: | 188页 | |
| 开本: | 19cm | |
| 丛书名: | 每天读一点暖心英文 | |
| 单 册: | ||
| 中图分类: | H319.4:I | |
| 科图分类: | ||
| 主题词: | 散文集--san wen ji--世界--英语--汉语--对照读物 | |
| 电子资源: | ||
| ISBN: | 978-7-5502-4902-8 | |
| 000 | 01093nam 2200289 450 | |
| 001 | CAL 0120151544618 | |
| 005 | 20150817135945.50 | |
| 010 | @a978-7-5502-4902-8@dCNY25.00 | |
| 100 | @a20150421d2015 em y0chiy50 ea | |
| 101 | 0 | @achi@aeng |
| 102 | @aCN@b110000 | |
| 105 | @aa z 000cy | |
| 106 | @ar | |
| 200 | 1 | @a时光走了 你还在@Ashi guang zou le ni hai zai@d= Time has gone, but you're still here@f暖小昕编译@zeng |
| 210 | @a北京@c北京联合出版公司@d2015.05 | |
| 215 | @a188页@c彩图@d19cm | |
| 225 | 2 | @a每天读一点暖心英文@Amei tian du yi dian nuan xin ying wen |
| 300 | @a汉英对照 | |
| 330 | @a本书主要内容包括: 半生的误会、你的手机还开着吗? 生日夏威夷、至爱、高尔夫罗曼史、你愿意和我约会吗? 点滴使爱延续、执子之手与子偕老、恋爱中的诗人、红苹果奇缘等。 | |
| 410 | 0 | @12001 @a每天读一点暖心英文 |
| 510 | 1 | @aTime has gone, but you're still here@zeng |
| 586 | @a | |
| 606 | 0 | @a散文集@Asan wen ji@y世界@x英语@x汉语@j对照读物 |
| 690 | @aH319.4:I@v5 | |
| 701 | 0 | @a暖小昕@Anuan xiao xin@4编译 |
| 801 | 0 | @aCN@c20150820 |
| 905 | @a河南城建学院图书馆@dH319.4:I@eN9607@f3 | |
| 时光走了 你还在= Time has gone, but you're still here/暖小昕编译.-北京:北京联合出版公司,2015.05 |
| 188页:彩图;19cm.-(每天读一点暖心英文) |
| 汉英对照 |
| ISBN 978-7-5502-4902-8:CNY25.00 |
| 本书主要内容包括: 半生的误会、你的手机还开着吗? 生日夏威夷、至爱、高尔夫罗曼史、你愿意和我约会吗? 点滴使爱延续、执子之手与子偕老、恋爱中的诗人、红苹果奇缘等。 |
| ● |
| 相关链接 |
|
|
|
正题名:时光走了 你还在
索取号:H319.4:I/N9607
 
预约/预借
| 序号 | 登录号 | 条形码 | 馆藏地/架位号 | 状态 | 备注 |
| 1 | 1165347 | 211653478 | 语言库209/209语言库 54排6列6层/ [索取号:H319.4:I/N9607] | 在馆 | |
| 2 | 1165348 | 211653487 | 语言库209/209语言库 54排6列6层/ [索取号:H319.4:I/N9607] | 在馆 | |
| 3 | 1165349 | 211653496 | 语言库209/209语言库 54排6列6层/ [索取号:H319.4:I/N9607] | 在馆 |